000 00534nam a2200193 a 4500
001 1766807344706
003 YourLibrary
005 20251229124542.0
008 251227s2002##################000#0#eng##
020 _a9780521892933
082 0 4 _a291
_bHAR
100 1 _aHarrison, Peter,
_eauthor.
245 1 0 _a'Religion' and the Religions in the English Enlightenment :
260 _bCambridge University Press,
_c2002.
300 _a292 pages
650 0 _aHistory.
942 _cENGLISH
040 _aYourLibrary
_beng
_cYourLibrary
999 _c605867
_d605867